|
|
|
|
| LEADER |
00000nab a2200000 a 4500 |
| 001 |
vtls010451339 |
| 003 |
SK-MaSNL |
| 005 |
20260303202210.0 |
| 008 |
120919c2011 xo r m 000 00slo |
| 015 |
|
|
|a SNBRA2012/09SVKPO
|
| 038 |
|
|
|a SVKPO
|
| 040 |
|
|
|a SVKPOCL
|b slo
|c SVKPOCL
|e AACR2
|
| 041 |
0 |
|
|a slo
|
| 044 |
|
|
|a xo
|c SK
|
| 080 |
|
|
|a 792.054-028.82
|2 2001
|
| 080 |
|
|
|a 378.679.2(437.6)
|2 2001
|
| 080 |
|
|
|a 792.097
|2 2001
|
| 245 |
0 |
0 |
|a Pätnásť profilov vysokoškolských alternatívnych divadelných súborov
|b Divadielko Divá hus Nitra
|
| 610 |
2 |
7 |
|a Divadielko Divá hus
|2 svkpocl
|9 232547
|
| 611 |
2 |
7 |
|a Akademický Prešov (Prešov, Slovensko)
|2 svkpocl
|9 1045255
|
| 650 |
0 |
7 |
|a alternatívne divadlo
|2 svkpocl
|9 3344
|
| 650 |
0 |
7 |
|a vysokoškolské divadelné súbory
|2 svkpocl
|9 1233740
|
| 651 |
|
7 |
|a Nitra (Slovensko)
|2 svkpocl
|9 15714
|
| 651 |
|
7 |
|a Prešov (Slovensko)
|2 svkpocl
|9 17347
|
| 773 |
0 |
|
|t Kontexty alternatívneho divadla IV. : (45 rokov Akademického Prešova v responzii autorov, účastníkov, pamätníkov) / zostavili: Karol Horák ... [et al.] /d Prešov : Filozofická fakulta Prešovskej univerzity, 2011
|g S. 310-311
|z 9788055504643
|
| 852 |
|
|
|a SVKPO
|b KIS3GCP
|
| 958 |
|
|
|a SK
|
| 958 |
|
|
|a NB
|
| 999 |
|
|
|c 2178166
|d 2180096
|